00958nam a2200193 a 4500008004100000050001200041100002100053245012500074260002300199300000900222350000900231500019400240650004600434650001300480710003200493995010000525999001700625952012200642091030s1988 ||||||||||||||||| || u aASC(01) aWarren, Dennis M10aLinking biomedical and indigenous African healthdlivery systems: an assessment of collaborative efforts during the 1980s aLeiden:bASCc1988 a13p. a0.00 aPaper presented at the International Conference on Ethnomedical Systems in Sub-Sahara Africa, Leiden 1-4 June 1988. A Cultural perspective on tradtional medicine and the concept of disease. aTRADITIONAL MEDICINE--AFRICA, SUB-SAHARAN aMEDICINE aAfrica Studies Centre (ASC) D0.00FCBU-MAIN LIBRARY (Kitwe)H1I0.00M1UAVAILABLEWOct 30, 2009ZInternational Publications c49333d49333 00102lcc4070a001b001cInternational Publicationsd2022-11-30l0oASC(01)pZ03004748r2022-11-30w2022-11-30y002